Normal view
MARC view
- Dr.Sufia Ebaad
Entry Personal Name
001 - CONTROL NUMBER
- control field: 28509
003 - CONTROL NUMBER IDENTIFIER
- control field: NUST
005 - DATE AND TIME OF LATEST TRANSACTION
- control field: 20200218110507.0
008 - FIXED-LENGTH DATA ELEMENTS
- fixed length control field: 200218|| aca||aabn | a|a d
040 ## - CATALOGING SOURCE
- Original cataloging agency: NUST
- Transcribing agency: NUST
100 ## - HEADING--PERSONAL NAME
- Personal name: Dr.Sufia Ebaad
670 ## - SOURCE DATA FOUND
- Source citation: Work cat.: (NUST): Dr.Sufia Ebaad, Raagh Rut Khuwahishay Marg Aur Tanha Phool, c2009
